Náklady na jakost pomocí rozšířeného modelu PAF v podniku se systémem managementu jakosti

Zisťovanie u konkrétnych vybraných spoločností so zavedeným systémom manažmentu akosti účinné vynakladanie výdajov na akosť na základe rozšíreného modelu PAF (Prevention Appraisal and Failure). Rozšírený model PAF a náklady na akosť. Vývoj celkových výdajov sledovaných spoločností na akosť v rokoch...

Celý popis

Uložené v:
Podrobná bibliografia
Hlavný autor: Raková, Kateřina
Ďalší autori: Kovářová, Kateřina
Médium: Kapitola
Jazyk:Czech
Predmet:
Tagy: Pridať tag
Žiadne tagy, Buďte prvý, kto otaguje tento záznam!

MARC

LEADER 00000naa a2200000 4500
001 0272128
005 20210219182024.5
041 0 |a cze 
044 |a CZ 
245 1 0 |a Náklady na jakost pomocí rozšířeného modelu PAF v podniku se systémem managementu jakosti  |c Kateřina Raková, Kateřina Kovářová 
520 |a Zisťovanie u konkrétnych vybraných spoločností so zavedeným systémom manažmentu akosti účinné vynakladanie výdajov na akosť na základe rozšíreného modelu PAF (Prevention Appraisal and Failure). Rozšírený model PAF a náklady na akosť. Vývoj celkových výdajov sledovaných spoločností na akosť v rokoch 2003-2017. 
610 2 0 |a kvalita 
610 2 0 |a manažment 
610 2 0 |a náklady 
610 2 0 |a podnik 
610 2 0 |a modely 
100 1 |a Raková, Kateřina 
700 1 |a Kovářová, Kateřina